| 000 | 00919nam a22002415a 4500 | ||
|---|---|---|---|
| 999 |
_c27065 _d27037 |
||
| 003 | EG-ScBUE | ||
| 005 | 20190203105022.0 | ||
| 008 | 190203s2015 ua frb 000 0 ara d | ||
| 040 |
_aEG-ScBUE _bara _cEG-ScBUE _dEG-ScBUE |
||
| 043 | _af-ua--- | ||
| 082 | 0 | 4 |
_a346.62078 _bر ا ض _222 |
| 100 | 1 | _aراضي، وائل ممدوح. | |
| 245 | 1 | 2 |
_aالمبادئ القانونية لمحكمة النقض في شأن أحكام الإفلاس / _cإعداد وائل ممدوح راضي. |
| 260 |
_a[القاهرة] : _bد. ن.، _c2015. |
||
| 300 |
_a292 ص. ؛ _c24 سم. |
||
| 504 | _aيشتمل على إرجاعات ببليوجرافية. | ||
| 541 |
_aد. أحمد حمد ؛ _cإهداء ؛ |
||
| 610 | 1 | 7 |
_aمصر. _bمحكمة النقض. _2BUEsh _940940 |
| 650 | 7 |
_aالإفلاس _xقوانين وتشريعات _zمصر. _2BUEsh |
|
| 651 | _2BUEsh | ||
| 653 |
_bLLAAWW _cFebruary2019 |
||
| 942 | _2ddc | ||